| 000 | 00648nam a2200253 a 4500 | ||
|---|---|---|---|
| 001 | nice12345678 | ||
| 003 | IN_TiNIC | ||
| 005 | 20260116015338.0 | ||
| 008 | 100205s1985 luca grp 000 0 eng | ||
| 020 |
_a _c100 |
||
| 082 | 0 | 0 |
_a297.82 _bNOM |
| 100 | _aNomani, Mohammad Manzoor | ||
| 245 | _aKhomeni, Iranian Revolution and the Shi`te Faith | ||
| 260 |
_aLucknow _bAl-Furqan Book Depot _c1985 |
||
| 300 | _a198p | ||
| 500 | _aincludes index and biblioraphy | ||
| 505 | 2 | _abibliography | |
| 650 | _aKhomeini | ||
| 650 | _aShiah-Islam | ||
| 700 | 1 | _aNomani, Mohammad Manzoor | |
| 902 | _bSRS | ||
| 942 | _cBK | ||
| 999 |
_c19318 _d19318 |
||